| 000 | 00577nam a2200193 a 4500 | ||
|---|---|---|---|
| 001 | 000022711 | ||
| 005 | 20200930021743.0 | ||
| 008 | 101116s1986 ag r 000 j spa d | ||
| 020 | _a9505150228 | ||
| 040 |
_aDO-SdBNP _bspa _cBNPHU |
||
| 082 |
_a863.4 _bN218h |
||
| 100 | 1 |
_aNaranjo, Carmen, _c1928- _923869 |
|
| 245 | 1 | 0 |
_aHoy es un día largo / _cCarmen Naranjo. |
| 260 |
_aBuenos Aires : _bEdiciones de la Flor, _c1986. |
||
| 300 |
_a123, [4] P. ; _c18 cm. |
||
| 650 | 4 |
_aCuentos costarricense _93331 |
|
| 650 | 4 |
_aLiteratura costarricense _ySIGLO XX _922789 |
|
| 049 | _aBNGR | ||
| 999 |
_c22208 _d22208 |
||